000 00628nam a2200241 i 4500
001 C2-0269420
003 PPAK
005 20180728000109.0
008 060808s2005 my |||| ||||| | may d
020 _a9831875184
040 _aPPAK
_beng
_cPPAK
_erda
082 0 4 _a899.233
_223
090 0 0 _a899.233
_bNAZ
_dG
100 0 _aNazrina Hussin,
_eauthor
245 1 0 _aJanjimu kepadamu
264 1 _aPulau Pinang :
_bRhythm Publishing ,
_c2005
300 _a317 pages ;
_c19 cm
336 _2rdacontent
_atext
337 _2rdamedia
_aunmediated
338 _2rdacarrier
_avolume
650 1 0 _aMalay fiction
942 _ddc
_cB
999 _c78108
_d78108